<?xml version="1.0" encoding="UTF-8"?>
<record
    xmlns:xsi="http://www.w3.org/2001/XMLSchema-instance"
    xsi:schemaLocation="http://www.loc.gov/MARC21/slim http://www.loc.gov/standards/marcxml/schema/MARC21slim.xsd"
    xmlns="http://www.loc.gov/MARC21/slim">

  <leader>00381nam a22001457a 4500</leader>
  <controlfield tag="003">OSt</controlfield>
  <controlfield tag="005">20250726161401.0</controlfield>
  <controlfield tag="008">250726b        |||||||| |||| 00| 0 eng d</controlfield>
  <datafield tag="040" ind1=" " ind2=" ">
    <subfield code="c">IIMT COLLEGE OF ENGINEERING, GREATER NOIDA</subfield>
  </datafield>
  <datafield tag="100" ind1=" " ind2=" ">
    <subfield code="a">DIVAN,SHYAM</subfield>
  </datafield>
  <datafield tag="245" ind1=" " ind2=" ">
    <subfield code="a">ENVIRONMENTAL LAW AND POLICY IN INDIA</subfield>
  </datafield>
  <datafield tag="260" ind1=" " ind2=" ">
    <subfield code="a">NEW DELHI</subfield>
    <subfield code="b">OXFORD</subfield>
    <subfield code="c">2022</subfield>
  </datafield>
  <datafield tag="300" ind1=" " ind2=" ">
    <subfield code="a">963</subfield>
  </datafield>
  <datafield tag="942" ind1=" " ind2=" ">
    <subfield code="2">ddc</subfield>
    <subfield code="c">02</subfield>
    <subfield code="e">3</subfield>
  </datafield>
  <datafield tag="999" ind1=" " ind2=" ">
    <subfield code="c">65867</subfield>
    <subfield code="d">65867</subfield>
  </datafield>
  <datafield tag="952" ind1=" " ind2=" ">
    <subfield code="0">0</subfield>
    <subfield code="1">0</subfield>
    <subfield code="2">ddc</subfield>
    <subfield code="4">0</subfield>
    <subfield code="7">0</subfield>
    <subfield code="a">21</subfield>
    <subfield code="b">21</subfield>
    <subfield code="d">2025-07-26</subfield>
    <subfield code="e">KIRTI</subfield>
    <subfield code="g">995.00</subfield>
    <subfield code="i">IN225/7.7.25</subfield>
    <subfield code="p">21-B-6061</subfield>
    <subfield code="r">2025-07-26</subfield>
    <subfield code="w">2025-07-26</subfield>
    <subfield code="y">02</subfield>
  </datafield>
  <datafield tag="952" ind1=" " ind2=" ">
    <subfield code="0">0</subfield>
    <subfield code="1">0</subfield>
    <subfield code="2">ddc</subfield>
    <subfield code="4">0</subfield>
    <subfield code="7">0</subfield>
    <subfield code="a">21</subfield>
    <subfield code="b">21</subfield>
    <subfield code="d">2025-07-26</subfield>
    <subfield code="e">KIRTI</subfield>
    <subfield code="g">995.00</subfield>
    <subfield code="i">IN225/7.7.25</subfield>
    <subfield code="p">21-B-6062</subfield>
    <subfield code="r">2025-07-26</subfield>
    <subfield code="w">2025-07-26</subfield>
    <subfield code="y">02</subfield>
  </datafield>
  <datafield tag="952" ind1=" " ind2=" ">
    <subfield code="0">0</subfield>
    <subfield code="1">0</subfield>
    <subfield code="2">ddc</subfield>
    <subfield code="4">0</subfield>
    <subfield code="7">0</subfield>
    <subfield code="a">21</subfield>
    <subfield code="b">21</subfield>
    <subfield code="d">2025-07-26</subfield>
    <subfield code="e">KIRTI</subfield>
    <subfield code="g">995.00</subfield>
    <subfield code="i">IN225/7.7.25</subfield>
    <subfield code="p">21-B-6063</subfield>
    <subfield code="r">2025-07-26</subfield>
    <subfield code="w">2025-07-26</subfield>
    <subfield code="y">02</subfield>
  </datafield>
  <datafield tag="952" ind1=" " ind2=" ">
    <subfield code="0">0</subfield>
    <subfield code="1">0</subfield>
    <subfield code="2">ddc</subfield>
    <subfield code="4">0</subfield>
    <subfield code="7">0</subfield>
    <subfield code="a">21</subfield>
    <subfield code="b">21</subfield>
    <subfield code="d">2025-07-26</subfield>
    <subfield code="e">KIRTI</subfield>
    <subfield code="g">995.00</subfield>
    <subfield code="i">IN225/7.7.25</subfield>
    <subfield code="p">21-B-6064</subfield>
    <subfield code="r">2025-07-26</subfield>
    <subfield code="w">2025-07-26</subfield>
    <subfield code="y">02</subfield>
  </datafield>
  <datafield tag="952" ind1=" " ind2=" ">
    <subfield code="0">0</subfield>
    <subfield code="1">0</subfield>
    <subfield code="2">ddc</subfield>
    <subfield code="4">0</subfield>
    <subfield code="7">0</subfield>
    <subfield code="a">21</subfield>
    <subfield code="b">21</subfield>
    <subfield code="d">2025-07-26</subfield>
    <subfield code="e">KIRTI</subfield>
    <subfield code="g">995.00</subfield>
    <subfield code="i">IN225/7.7.25</subfield>
    <subfield code="p">21-B-6065</subfield>
    <subfield code="r">2025-07-26</subfield>
    <subfield code="w">2025-07-26</subfield>
    <subfield code="y">02</subfield>
  </datafield>
</record>
